Návrh implementácie IMS v kontexte so stratégiou CSR v podniku Slovenské elektrárne, a.s., závod Elektrárne Vojany

Saved in:
Bibliographic Details
Main Author: Šamudovský, Jaroslav, 1986- (Author)
Other Authors: Sakál, Peter, 1951- (Thesis advisor)
Format: Manuscript Book
Language:Slovak
Published: STU v Bratislave MTF UPMK, 2010
Subjects:
Online Access:VAIS
Tags: Add Tag
No Tags, Be the first to tag this record!

MARC

LEADER 00000ntm a22000003a 4500
001 stu206385
005 20160719160307.5
008 100703s2010------------------------slo-d
040 |a STU  |b slo 
041 0 |a slo 
100 1 |a Šamudovský, Jaroslav,  |d 1986-  |4 aut  |X 25252  |7 A000025252 
242 0 0 |a Proposal of implementation Integrated Management System in context with strategy of Corporate Social Responsibility in the SE,a.s., power station Vojany  |y eng 
245 1 |a Návrh implementácie IMS v kontexte so stratégiou CSR v podniku Slovenské elektrárne, a.s., závod Elektrárne Vojany 
260 |b STU v Bratislave MTF UPMK,  |c 2010 
650 7 |a integrovaný manažérsky systém  |2 stusub 
650 7 |a manažérstvo kvality  |2 stusub 
700 1 |a Sakál, Peter,  |d 1951-  |4 ths  |u M4000  |U MTF Materiálovotechnologická fakulta  |T MTF Ústav priemyselného inžinierstva a manažmentu  |X 325  |U M4000  |Y 84  |7 A000000325 
856 4 |a info a plný text  |u http://is.stuba.sk/zp/portal_zp.pl?podrobnosti=58361  |3 VAIS 
996 |c M*DP-9466  |l MMSKP  |s P  |a 0  |w stu206385_0001